000 00444nam a22001817a 4500
003 MPLRDC
005 20220104161824.0
008 210129b ||||| |||| 00| 0 eng d
020 _a7-5387-2133-9
082 _a411.1 HZG-5
100 _a洪昭光
245 _a我眼里的健康人生
_c
250 _a一版二刷
260 _a中国
_b时代文艺出版社
_c2006
300 _b
650 _a健康法
942 _cBK
_o411.1 HZG-5
999 _c55673
_d55663